Resultados do Atlético-MG / Galo no Brasileirão 2021 - Statistics

Estatísticas Gerais
  • Esse quiz foi jogado 47 vezes
  • A pontuação média é 23 de 38
Estatísticas das Respostas
ADVERSÁRIO Resultado Mando % Correto
América-MG 1x0 Casa
95%
Athletico-PR 2x0 Casa
84%
Fluminense 2x1 Casa
74%
Juventude 2x0 Casa
71%
Cuiabá 2x1 Casa
71%
Flamengo 2x1 Casa
71%
Grêmio 2x1 Casa
71%
Bahia 3x0 Casa
71%
Corinthians 3x0 Casa
71%
Atlético-GO 4x1 Casa
71%
Internacional 1x0 Casa
68%
Palmeiras 2x0 Casa
68%
Bahia 2x3 Fora
68%
Santos 3x1 Casa
68%
Chapecoense 1x1 Casa
66%
Bragantino 1x1 Fora
66%
Bragantino 4x3 Casa
63%
São Paulo 1x0 Casa
61%
Fortaleza 1x2 Casa
61%
Atlético-GO 2x1 Fora
61%
Chapecoense 2x2 Fora
61%
Sport 3x0 Casa
61%
Corinthians 1x2 Fora
58%
Ceará 3x1 Casa
58%
América-MG 0x1 Fora
55%
Flamengo 1x0 Fora
55%
Athletico-PR 0x1 Fora
53%
Internacional 0x1 Fora
53%
Cuiabá 0x1 Fora
50%
Fluminense 1x1 Fora
50%
Juventude 1x2 Fora
50%
Ceará 2x1 Fora
50%
Sport 0x1 Fora
47%
Palmeiras 2x2 Fora
47%
Grêmio 4x3 Fora
47%
Santos 2x0 Fora
45%
São Paulo 0x0 Fora
37%
Fortaleza 0x2 Fora
37%
Nenhum quiz correspondente encontrado
Distribuição das Pontuações
Porcentagem de Pessoas com Cada Pontuação
Percentil de Números Respondidos
Sua Pontuação Histórica
Você não jogou esse quiz